Curso de direito do trabalho

Detalles Bibliográficos
Autor principal: de Sousa Franco Filho, Georgenor
Formato: eBook
Lenguaje:portugués
Publicado: San Pablo: LTR, 2019
Materias:
Acceso en línea:Acceso restringido

MARC

LEADER 00000nam a22000007a 4500
005 20190910232336.0
007 cr|||| ||||
008 190910s2019 br |||||s|||| 00||0 por d
020 |a 978-85-361-9987-0 
035 |a 30248 
040 |a vLex 
090 |c 9464  |d 9464 
100 1 |a de Sousa Franco Filho, Georgenor 
245 1 0 |a Curso de direito do trabalho  |h [Recurso electrn̤ico] /  |c Georgenor de Sousa Franco Filho 
256 |a Servicio en ln̕ea 
260 |a San Pablo:  |b LTR,  |c 2019 
300 |a 1 recurso electrn̤ico 
506 1 |a Disponible solo en los productos indicados  |d vLex Global  |d vLex Global (Academic Edition, excluding Law Schools)  |d vLex Global (U.S. Academic Edition, Law Schools)  |d vLex Global (U.S. Academic Edition, excluding Law Schools)  |d vLex Global (Academic Edition, Law Schools) 
650 0 4 |a Derecho Laboral y Seguridad Social  |z Brasil 
740 0 |a vLex Libros (Servicio en ln̕ea) 
856 4 0 |u http://vlex.com/source/curso-direito-trabalho-30248  |z Acceso restringido 
942 |c BOOK 
999 0 |a Labor law and social security